00522nam a22001697a 450000100060000000300090000600500170001500800410003204000080007308200120008124500840009326000680017730000210024550400410026665000080030770000370031521558BD-DhUAP20220530161840.0220530b19952013Enga|||| |||| 001 0aeng d ceng a341 PAT aHuman rights in contemporary international law /cA.B.M. Mafizul Islam Patwari. aDhaka :bHumanist and Ethical Association of Bangladesh,c1995. a324 p. ;c22 cm. aIncludes bibliographical references. alaw aPatwari, A. B. M. Mafizul Islam.